| 000 | 00828nam a2200217 4500 | ||
|---|---|---|---|
| 003 | OSt | ||
| 005 | 20240620012145.0 | ||
| 006 | a | ||
| 008 | 240620b |||||||| |||| 00| 0 eng d | ||
| 020 | _a9781607740339 | ||
| 040 |
_aDWCL-Main lib. _cOC |
||
| 082 | _aCirc. 025.0665 B691w 2011 | ||
| 100 | _aBolles, Mark Emery | ||
| 245 | _aWhat color is your parachute? : guide to job hunting online : career sites, gateway, getting interviews, job search engines, mobile apps, networking, niche sites, posting resumes, research sites and more / | ||
| 260 |
_aNew York : _bTen Speed Press, _cc2011. |
||
| 300 |
_b186 p. ; _c23 cm. |
||
| 504 | _aIncludes index. | ||
| 650 | _a1. Job hunting–United States–Computer network resources. | ||
| 650 | _a2. Web sites–United States–Directories. | ||
| 942 |
_2ddc _n0 _cBK-CIRC _kCirc. |
||
| 999 |
_c936 _d936 |
||